[Event "GER Pfingstopen U16"]
[Site "Playchess.com INT"]
[Date "2020.06.05"]
[Round "9"]
[White "Roos, Valentin"]
[Black "Kauschanski, Nicolas"]
[Result "1-0"]
[WhiteElo "1559"]
[BlackElo "1476"]
[PlyCount "131"]
[EventDate "2020.06.05"]
[EventType "swiss (blitz)"]
[EventRounds "11"]
[EventCountry "GER"]
[SourceTitle "CBM 197 Extra"]
[Source "ChessBase"]
[SourceDate "2020.09.30"]
[SourceVersion "1"]
[SourceVersionDate "2020.09.30"]
[SourceQuality "1"]

1. e4 e6 2. d4 d5 3. Nc3 Bb4 4. Bd3 Bd7 5. a3 Bxc3+ 6. bxc3 Qe7 7. e5 c5 8. Nf3 Nc6 9. Bg5 f6 10. Bh4 g5 11. Bg3 fxe5 12. Nxe5 cxd4 13. Nxc6 Bxc6 14. cxd4 Nf6 15. Be5 Rf8 16. 0-0 h6 17. Qd2 Ng4 18. Qa5 Nxe5 19. dxe5 Qg7 20. Bb5 Qxe5 21. Bxc6+ bxc6 22. Qc5 Qc7 23. Rfe1 e5 24. Re2 e4 25. f3 Qb6 26. Qxb6 axb6 27. fxe4 Kd7 28. exd5 cxd5 29. Rd1 Kd6 30. Red2 Rf5 31. g4 Re5 32. Rd3 Ra5 33. Rh3 Re4 34. Rxh6+ Kc5 35. h3 Re3 36. Rh5 Rexa3 37. Rxg5 Kc4 38. Kg2 Ra2 39. Rd2 b5 40. h4 b4 41. Rf2 d4 42. h5 Kc3 43. Rxa5 Rxa5 44. h6 Rg5 45. h7 Rxg4+ 46. Kh3 Rg1 47. h8Q Rh1+ 48. Rh2 Rxh2+ 49. Kxh2 Kxc2 50. Qxd4 b3 51. Qc4+ Kb2 52. Kg2 Ka2 53. Qa4+ Kb2 54. Kf2 Kc3 55. Qa3 Kc2 56. Qc5+ Kb2 57. Ke2 Ka2 58. Kd2 b2 59. Qa5+ Kb1 60. Kc3 Kc1 61. Qa3 Kd1 62. Qxb2 Ke1 63. Kd3 Kf1 64. Ke3 Kg1 65. Kf3 Kh1 66. Qg2# 1-0

[Event "GER Cup Net V3 U1600"]
[Site "Playchess.com INT"]
[Date "2020.05.27"]
[Round "6"]
[White "Kauschanski, Nicolas"]
[Black "Winkler, Andreas1"]
[Result "1/2-1/2"]
[WhiteElo "1386"]
[BlackElo "1468"]
[PlyCount "110"]
[EventDate "2020.05.27"]
[EventType "swiss (blitz)"]
[EventRounds "9"]
[EventCountry "GER"]
[SourceTitle "EXT 2021"]
[Source "ChessBase"]
[SourceDate "2020.10.23"]
[SourceVersion "1"]
[SourceVersionDate "2020.10.23"]
[SourceQuality "1"]

1. d4 d5 2. Bf4 Bf5 3. Nf3 Nf6 4. e3 e6 5. Bd3 Bxd3 6. Qxd3 Bd6 7. Bxd6 Qxd6 8. c3 0-0 9. c4 Qb4+ 10. Qc3 Nc6 11. cxd5 exd5 12. Qxb4 Nxb4 13. Nc3 Nc2+ 14. Kd2 Nxa1 15. Rxa1 c6 16. Ne5 Rfd8 17. Na4 Rab8 18. Nc5 b6 19. Nb3 Ne4+ 20. Ke2 Rbc8 21. Rc1 Rd6 22. a4 f6 23. Nf3 Ng5 24. a5 Ne6 25. Nfd2 g6 26. Rc3 h6 27. axb6 axb6 28. Nc1 Kf7 29. Rb3 b5 30. Rc3 f5 31. Ncb3 b4 32. Rc2 f4 33. Nc5 f3+ 34. Kxf3 Ng5+ 35. Ke2 Rf6 36. Na6 b3 37. Nxb3 Ne4 38. Nac5 Rxf2+ 39. Kd3 Rxc2 40. Nxe4 dxe4+ 41. Kxc2 g5 42. Nc5 Re8 43. Nb7 Ke6 44. Nc5+ Kd5 45. Nd7 Ke6 46. Nc5+ Kd6 47. Nb7+ Kc7 48. Nc5 Kd6 49. Kc3 Rf8 50. Nb7+ Kd5 51. Nc5 Rf2 52. Nd7 Ke6 53. Nc5+ Kd5 54. Nd7 Kd6 55. Nc5 Kd5 1/2-1/2

[Event "GER Cup Net V2 U1600"]
[Site "Playchess.com INT"]
[Date "2020.05.22"]
[Round "8"]
[White "Birk, Wilfried Christoph"]
[Black "Kauschanski, Nicolas"]
[Result "0-1"]
[WhiteElo "1387"]
[BlackElo "1313"]
[PlyCount "98"]
[EventDate "2020.05.22"]
[EventType "swiss (blitz)"]
[EventRounds "9"]
[EventCountry "GER"]
[SourceTitle "EXT 2021"]
[Source "ChessBase"]
[SourceDate "2020.10.23"]
[SourceVersion "1"]
[SourceVersionDate "2020.10.23"]
[SourceQuality "1"]

1. d4 Nf6 2. Nf3 g6 3. Bf4 Bg7 4. e3 d5 5. h3 b6 6. Be2 Bb7 7. 0-0 c5 8. c4 Nc6 9. cxd5 Nxd5 10. dxc5 Nxf4 11. exf4 bxc5 12. Nc3 Qxd1 13. Raxd1 0-0 14. Rd7 Rab8 15. Rfd1 Bc8 16. R7d2 Nd4 17. Nd5 Nc6 18. b3 e6 19. Ne3 Bb7 20. Ng5 Rfd8 21. Rxd8+ Rxd8 22. Rxd8+ Nxd8 23. Nf3 Nc6 24. Bc4 Nd4 25. Ne5 Nf5 26. Nd7 Bd4 27. Ng4 Bc6 28. Ndf6+ Kg7 29. Kf1 h5 30. Ne3 Kxf6 31. Nxf5 exf5 32. Ke2 Bxg2 33. Kd3 Bxh3 34. f3 Bg2 35. Kd2 Bxf3 36. Kc2 Be4+ 37. Kd2 Kg7 38. Ke2 Bb1 39. Kd2 Bxa2 40. Kc2 a5 41. Kd2 Bb1 42. Kc1 Be4 43. Kd2 Kf8 44. Kc1 Be3+ 45. Kb2 Bxf4 46. Ka3 Bd2 47. Kb2 Bb4 48. Ka2 h4 49. Kb2 h3 0-1

[Event "GER-ch Net Amateur Gr-C Vor2"]
[Site "Playchess.com INT"]
[Date "2020.04.15"]
[Round "7"]
[White "Kauschanski, Nicolas"]
[Black "Bock, Leonas"]
[Result "0-1"]
[WhiteElo "1467"]
[BlackElo "1620"]
[PlyCount "58"]
[EventDate "2020.04.15"]
[EventType "swiss (blitz)"]
[EventRounds "9"]
[EventCountry "GER"]
[SourceTitle "CBM 196 Extra"]
[Source "ChessBase"]
[SourceDate "2020.07.31"]
[SourceVersion "1"]
[SourceVersionDate "2020.07.31"]
[SourceQuality "1"]

1. d4 d5 2. Bf4 e6 3. Nf3 f5 4. Ne5 Bd6 5. e3 Nf6 6. Bd3 Nbd7 7. Nd2 0-0 8. Ndf3 Ne4 9. 0-0 b6 10. c4 c5 11. cxd5 exd5 12. Qb3 Bb7 13. Qc2 Re8 14. Nxd7 Qxd7 15. Ne5 cxd4 16. exd4 Qd8 17. Bxe4 fxe4 18. f3 Rc8 19. Qb1 Qf6 20. fxe4 dxe4 21. Bg3 Qe6 22. Qd1 Rf8 23. Rxf8+ Rxf8 24. Qa4 a5 25. Qb5 Bxe5 26. Bxe5 e3 27. Qd3 Qh6 28. Re1 e2 29. Rxe2 Qc1+ 0-1